000 01146nam a22003257a 4500
003 CHAP
005 20220329141728.0
008 971013s1979 r 00010 d
010 _a72915
011 _a73887
035 _a83445
040 _cCHAP
090 _aTesis
100 0 0 _aCantú Galván, César.
_918499
245 _aEvaluación de resultados de siembra directa y trasplante en dos fechas de siembra (Citrullus vulgaris Schard) en la región de Marín, Nuevo León
260 _aMonterrey, N. L. :
_bEl autor,
_c1979
300 _a77 h.
_b: gráfs.
502 _aTesis (Ing. Agrónomo) -- Univ. Autónoma de Nuevo León. Fac. de Agronomía
590 _aALEPH
_b10
_c20130110
_lUCH01
_h1414
590 _aBATCH-UPD
_b10
_c20130110
_lUCH01
_h2116
590 _aBATCH-UPD
_b10
_c20130410
_lUCH01
_h1427
590 _aBATCH-UPD
_b10
_c20130914
_lUCH01
_h2013
590 _aCONVERSION
_b10
_c20130109
_lUCH01
_h1340
650 1 4 _aSandía
_xFechas de siembra.
_9102068
650 1 4 _aSandía
_xNuevo León.
_9102074
650 1 4 _aSandía
_xTransplante.
_9102084
901 _aBK
942 _cTESIS
949 _bBC
_cTES
_d-38021
_eTS1
_i83445
_si
999 _c72915
_d72915